|
|
|
|
| LEADER |
01714cas a2200253 a 4500 |
| 001 |
AALejournalIMF017274 |
| 008 |
230101c9999 xx r poo 0 0eng d |
| 020 |
|
|
|c 5.00 USD
|
| 020 |
|
|
|z 9781475559712
|
| 022 |
|
|
|a 1018-5941
|
| 040 |
|
|
|a BD-DhAAL
|c BD-DhAAL
|
| 100 |
1 |
|
|a Westelius, Niklas.
|
| 245 |
1 |
4 |
|a The Impact of Demographics on Productivity and Inflation in Japan /
|c Niklas Westelius, Yihan Liu.
|
| 264 |
|
1 |
|a Washington, D.C. :
|b International Monetary Fund,
|c 2016.
|
| 300 |
|
|
|a 1 online resource (18 pages)
|
| 490 |
1 |
|
|a IMF Working Papers
|
| 500 |
|
|
|a <strong>Off-Campus Access:</strong> No User ID or Password Required
|
| 500 |
|
|
|a <strong>On-Campus Access:</strong> No User ID or Password Required
|
| 506 |
|
|
|a Electronic access restricted to authorized BRAC University faculty, staff and students
|
| 520 |
3 |
|
|a Is Japan's aging and, more recently, declining population hampering growth and reflation efforts? Exploiting demographic and economic variation in prefectural data between 1990 and 2007, we find that aging of the working age population has had a significant negative impact on total factor productivity. Moreover, prefectures that aged at a faster pace experienced lower overall inflation, while prefectures with higher population growth experienced higher inflation. The results give strong support to the notion that demographic headwinds can have a non-trivial impact on total factor productivity and deflationary pressures.
|
| 538 |
|
|
|a Mode of access: Internet
|
| 700 |
1 |
|
|a Liu, Yihan.
|
| 830 |
|
0 |
|a IMF Working Papers; Working Paper ;
|v No. 2016/237
|
| 856 |
4 |
0 |
|z Full text available on IMF
|u http://elibrary.imf.org/view/journals/001/2016/237/001.2016.issue-237-en.xml
|z IMF e-Library
|